| Tag |
First Indicator |
Second Indicator |
Subfields |
| LEADER |
00000cam a22000005i 4500 |
| 001 |
in00003727872 |
| 005 |
20210728130212.0 |
| 006 |
m o d |
| 007 |
cr nn 008mamaa |
| 008 |
151028s2011 xxu| o |||| 0|eng d |
| 020 |
|
|
|a 9781137015969
|9 978-1-137-01596-9
|
| 024 |
7 |
|
|a 10.1057/9781137015969
|2 doi
|
| 035 |
|
|
|a (DE-He213)978-1-137-01596-9
|
| 035 |
|
|
|a 5309852
|
| 040 |
|
|
|d UtOrBLW
|
| 072 |
|
7 |
|a JFSJ
|2 bicssc
|
| 072 |
|
7 |
|a SOC032000
|2 bisacsh
|
| 082 |
0 |
4 |
|a 305.3
|2 23
|
| 090 |
|
|
|a BT83.55
|b F358 2011
|
| 245 |
0 |
0 |
|a Faith, Feminism, and Scholarship :
|b The Next Generation /
|c edited by Melanie L. Harris, Kate M. Ott.
|
| 264 |
|
1 |
|a New York :
|b Palgrave Macmillan US :
|b Imprint: Palgrave Macmillan,
|c 2011.
|
| 300 |
|
|
|a 1 online resource (224 pages)
|
| 336 |
|
|
|a text
|b txt
|2 rdacontent
|
| 337 |
|
|
|a computer
|b c
|2 rdamedia
|
| 338 |
|
|
|a online resource
|b cr
|2 rdacarrier
|
| 347 |
|
|
|a text file
|b PDF
|2 rda
|
| 500 |
|
|
|a Electronic resource.
|
| 520 |
|
|
|a A multi cultural collection of third-wave feminist voices, this book reveals how current feminist religious scholars from around the world are integrating social justice and activism into their scholarship and pedagogy.
|
| 650 |
1 |
4 |
|a Social Sciences.
|
| 650 |
2 |
4 |
|a Feminism.
|
| 650 |
2 |
4 |
|a Gender Studies.
|
| 650 |
2 |
4 |
|a Gender and Education.
|
| 650 |
2 |
4 |
|a Religion and Gender.
|
| 650 |
2 |
4 |
|a Religious Studies, general.
|
| 650 |
2 |
4 |
|a Sociology of Religion.
|
| 650 |
|
0 |
|a Feminist theory.
|0 http://id.loc.gov/authorities/subjects/sh90002282
|
| 650 |
|
0 |
|a Gender expression.
|0 http://id.loc.gov/authorities/subjects/sh2011002609
|
| 650 |
|
0 |
|a Gender identity in education.
|0 http://id.loc.gov/authorities/subjects/sh2001006204
|
| 650 |
|
0 |
|a Gender identity
|x Religious aspects.
|0 http://id.loc.gov/authorities/subjects/sh2014100172
|
| 650 |
|
0 |
|a Gender identity.
|0 http://id.loc.gov/authorities/subjects/sh91003756
|
| 650 |
|
0 |
|a Religion and sociology.
|0 http://id.loc.gov/authorities/subjects/sh85112587
|
| 650 |
|
0 |
|a Religion.
|0 http://id.loc.gov/authorities/subjects/sh85112549
|
| 650 |
|
0 |
|a Sex (Psychology)
|0 http://id.loc.gov/authorities/subjects/sh85120562
|
| 650 |
|
0 |
|a Social sciences.
|0 http://id.loc.gov/authorities/subjects/sh85124003
|
| 650 |
|
0 |
|a Sociology.
|0 http://id.loc.gov/authorities/subjects/sh85124200
|
| 655 |
|
7 |
|a Electronic books.
|2 local
|
| 700 |
1 |
|
|a Harris, Melanie L.,
|e editor.
|
| 700 |
1 |
|
|a Ott, Kate M.,
|e editor.
|0 http://id.loc.gov/authorities/names/n2008061127
|
| 710 |
2 |
|
|a SpringerLink (Online service)
|0 http://id.loc.gov/authorities/names/no2005046756
|
| 773 |
0 |
|
|t Springer eBooks
|
| 776 |
1 |
8 |
|i Printed edition:
|z 9781349296552
|
| 856 |
4 |
0 |
|u http://proxy.library.tamu.edu/login?url=https://dx.doi.org/10.1057/9781137015969
|z Connect to the full text of this electronic book
|t 0
|
| 999 |
f |
f |
|s 2f83eed6-c47d-366f-9c65-67e22ecef15e
|i 93cdf0af-8632-31b0-8267-22141d824055
|t 0
|
| 952 |
f |
f |
|a Texas A&M University
|b College Station
|c Electronic Resources
|d Available Online
|t 0
|e BT83.55 F358 2011
|h Library of Congress classification
|
| 998 |
f |
f |
|a BT83.55 F358 2011
|t 0
|l Available Online
|